Befejeződött a nemzetközi konferencia

Elmentve itt :
Bibliográfiai részletek
Dokumentumtípus: Cikk
Megjelent: 1979-09-02
Sorozat:Délmagyarország 69 No. 205
Kulcsszavak:tanácskozások, pályázatok
Online Access:http://dmarchiv.bibl.u-szeged.hu/119007
LEADER 00426nab a2200145 i 4500
001 delm119007
005 20190523084904.0
008 190523s1979 hu o 0|| hun d
040 |a SZTE Délmagyarország Archívum  |b hun 
041 |a hun 
245 0 0 |a Befejeződött a nemzetközi konferencia  |h [elektronikus dokumentum] 
260 |c 1979-09-02 
300 |a 4 
490 0 |a Délmagyarország  |v 69 No. 205 
695 |a tanácskozások, pályázatok